[Event "Regensburg Donau Cup 2nd"]
[Site "Regensburg"]
[Date "2018.05.10"]
[Round "3"]
[White "Aumueller, Naum"]
[Black "Ott, Ian"]
[Result "1/2-1/2"]
[WhiteElo "1311"]
[BlackElo "1796"]
[PlyCount "62"]
[EventDate "2018.05.09"]
[EventType "swiss"]
[EventRounds "7"]
[EventCountry "GER"]
[SourceTitle "CBM 184 Extra"]
[Source "ChessBase"]
[SourceDate "2018.06.28"]
[SourceVersion "1"]
[SourceVersionDate "2018.06.28"]
[SourceQuality "1"]

1. e4 c5 2. Nf3 Nc6 3. d4 cxd4 4. Nxd4 d6 5. Nc3 Bd7 6. Be3 g6 7. Bc4 Bg7 8. f3 a6 9. a3 b5 10. Ba2 Nf6 11. Qd2 0-0 12. Nxc6 Bxc6 13. Bh6 Bxh6 14. Qxh6 a5 15. Nd5 e6 16. Nf4 Qb6 17. Nd3 b4 18. Qg5 Kg7 19. h4 h6 20. Qd2 Bb5 21. axb4 Bxd3 22. cxd3 Qxb4 23. Qxb4 axb4 24. Kd2 Rfb8 25. Bb3 Kf8 26. g4 h5 27. g5 Nd7 28. d4 Ke7 29. f4 Nb6 30. Rhc1 Rxa1 31. Rxa1 Ra8 1/2-1/2

[Event "Regensburg Donau Cup"]
[Site "Regensburg"]
[Date "2017.05.28"]
[Round "7"]
[White "Jobst, Thomas"]
[Black "Ott, Ian"]
[Result "1-0"]
[WhiteElo "1756"]
[BlackElo "1747"]
[PlyCount "89"]
[EventDate "2017.05.24"]
[EventType "swiss"]
[EventRounds "7"]
[EventCountry "GER"]
[SourceTitle "CBM 178 Extra"]
[Source "ChessBase"]
[SourceDate "2017.06.22"]
[SourceVersion "1"]
[SourceVersionDate "2017.06.22"]
[SourceQuality "1"]

1. c4 c5 2. Nc3 Nc6 3. g3 g6 4. Bg2 Bg7 5. e4 d6 6. Nge2 e5 7. 0-0 Nge7 8. d3 0-0 9. Be3 f5 10. Qd2 Nd4 11. f4 Be6 12. fxe5 Nxe2+ 13. Qxe2 Bxe5 14. Bg5 Qd7 15. Bh6 Rf7 16. Nd5 Re8 17. Bh3 fxe4 18. Bxe6 Qxe6 19. Nc7 Qh3 20. Rxf7 Kxf7 21. Qf1+ Qxf1+ 22. Rxf1+ Nf5 23. Nxe8 Kxe8 24. Bc1 exd3 25. Rd1 Nd4 26. Kg2 Nc2 27. Kf3 Kf7 28. Ke4 Nb4 29. a3 Na2 30. Kxd3 Nxc1+ 31. Rxc1 Ke6 32. Ke4 Bxb2 33. Rb1 Bxa3 34. Rxb7 h5 35. Rxa7 Bb2 36. Kf4 Bf6 37. Ke4 g5 38. Rh7 h4 39. g4 Be5 40. h3 Bf4 41. Rh6+ Ke7 42. Kd5 Bg3 43. Rh7+ Ke8 44. Ke6 Be5 45. Rh5 1-0

[Event "Regensburg Donau Cup"]
[Site "Regensburg"]
[Date "2017.05.25"]
[Round "3"]
[White "Ott, Ian"]
[Black "Ganchev, Rostislav"]
[Result "1/2-1/2"]
[WhiteElo "1747"]
[BlackElo "1261"]
[PlyCount "86"]
[EventDate "2017.05.24"]
[EventType "swiss"]
[EventRounds "7"]
[EventCountry "GER"]
[SourceTitle "CBM 178 Extra"]
[Source "ChessBase"]
[SourceDate "2017.06.22"]
[SourceVersion "1"]
[SourceVersionDate "2017.06.22"]
[SourceQuality "1"]

1. e4 c5 2. Nf3 Nc6 3. d4 cxd4 4. Nxd4 Qb6 5. Nb3 Nf6 6. Nc3 e6 7. Be3 Qc7 8. a3 Be7 9. Be2 a6 10. 0-0 0-0 11. f4 d6 12. Bf3 Rd8 13. Kh1 b5 14. Nd4 Bb7 15. Qe2 Rac8 16. Rad1 Nxd4 17. Bxd4 e5 18. Be3 Nd7 19. Bg4 Rb8 20. Bxd7 Rxd7 21. Nd5 Bxd5 22. Rxd5 Rdd8 23. c3 Rbc8 24. Qf2 Bf6 25. Bb6 Qc4 26. Bxd8 Rxd8 27. fxe5 dxe5 28. Rxd8+ Bxd8 29. Rd1 Bf6 30. Qc2 g6 31. h3 Bh4 32. Qd3 Qb3 33. Qd5 Qxb2 34. Rf1 Bf2 35. Qxe5 Qe2 36. Ra1 Be1 37. a4 Qf1+ 38. Kh2 Bg3+ 39. Kxg3 Qxa1 40. axb5 axb5 41. Qd4 Qc1 42. e5 Qg5+ 43. Kf3 Qf5+ 1/2-1/2

[Event "Oberpfalz-ch M2"]
[Site "Windischeschenbach"]
[Date "2017.04.11"]
[Round "8"]
[White "Pilhoefer, Lukas"]
[Black "Ott, Ian"]
[Result "0-1"]
[WhiteElo "1474"]
[BlackElo "1830"]
[PlyCount "119"]
[EventDate "2017.04.08"]
[EventType "swiss"]
[EventRounds "8"]
[EventCountry "GER"]
[SourceTitle "EXT 2020"]
[Source "ChessBase"]
[SourceDate "2019.10.17"]
[SourceVersion "1"]
[SourceVersionDate "2019.10.17"]
[SourceQuality "1"]

1. e4 c5 2. Nf3 d6 3. d4 cxd4 4. Nxd4 Nf6 5. Nc3 a6 6. Be2 e5 7. Nf3 Be7 8. 0-0 0-0 9. h3 b5 10. a3 Bb7 11. Bd3 Nbd7 12. b4 Rc8 13. Bd2 d5 14. exd5 Nxd5 15. Nxd5 Bxd5 16. Re1 Bf6 17. a4 e4 18. Bxe4 Bxe4 19. Rxe4 Bxa1 20. Qxa1 Qf6 21. Qa2 Qc6 22. Rg4 Nf6 23. Rg3 Ne4 24. axb5 Qxc2 25. Qxc2 Rxc2 26. Rg4 Nxd2 27. Nxd2 Rxd2 28. bxa6 Ra2 29. b5 Rb8 30. Rc4 Kf8 31. Rc5 Ke7 32. Rc7+ Ke6 33. Rb7 Ra8 34. Kh2 h5 35. Kg3 g5 36. Kf3 f5 37. g4 Ra3+ 38. Kg2 fxg4 39. hxg4 h4 40. Kh2 Ra5 41. Kg2 Kd6 42. Kh3 Kc5 43. Rg7 Ra3+ 44. Kg2 Kxb5 45. Rxg5+ Kxa6 46. Rh5 Rf8 47. Rxh4 Raf3 48. g5 Kb6 49. Rg4 Rxf2+ 50. Kh3 Kc7 51. g6 Rh8+ 52. Kg3 Rf6 53. g7 Rg8 54. Kh2 Kd6 55. Kh1 Ke7 56. Re4+ Kf7 57. Rg4 Rxg7 58. Rh4 Rf3 59. Kh2 Kg8 60. Ra4 0-1

[Event "Oberpfalz-ch M2"]
[Site "Windischeschenbach"]
[Date "2017.04.09"]
[Round "3"]
[White "Ott, Ian"]
[Black "Landstorfer, Raphael"]
[Result "1-0"]
[WhiteElo "1830"]
[BlackElo "1571"]
[PlyCount "99"]
[EventDate "2017.04.08"]
[EventType "swiss"]
[EventRounds "8"]
[EventCountry "GER"]
[SourceTitle "EXT 2020"]
[Source "ChessBase"]
[SourceDate "2019.10.17"]
[SourceVersion "1"]
[SourceVersionDate "2019.10.17"]
[SourceQuality "1"]

1. d4 d5 2. c4 c6 3. Nf3 Nf6 4. cxd5 cxd5 5. Bf4 Bf5 6. Nc3 Nc6 7. a3 e6 8. e3 a6 9. Bd3 Bxd3 10. Qxd3 Be7 11. 0-0 0-0 12. h3 Rc8 13. b4 b5 14. Rfc1 Nd7 15. Ne5 Ncxe5 16. Bxe5 Nb6 17. e4 Bd6 18. exd5 exd5 19. Qg3 Bxe5 20. dxe5 Rc4 21. Rd1 d4 22. Ne4 Nd5 23. Rd3 Qc7 24. Nf6+ Nxf6 25. exf6 Qxg3 26. Rxg3 g6 27. Rd1 h5 28. Rgd3 Rd8 29. g4 hxg4 30. hxg4 Kf8 31. g5 Rd5 32. f4 Ke8 33. Kf2 Rd7 34. Kf3 Rc3 35. Ke4 Kd8 36. Rxd4 Rxd4+ 37. Rxd4+ Kc7 38. Rd3 Rc2 39. Kf3 Rc1 40. Ke4 Rc4+ 41. Ke5 Rc1 42. f5 Rg1 43. Kf4 gxf5 44. Kxf5 Rf1+ 45. Kg4 Rg1+ 46. Rg3 Rd1 47. g6 fxg6 48. f7 Rd8 49. Kg5 Rf8 50. Kxg6 1-0

[Event "Oberpfalz-ch M2"]
[Site "Windischeschenbach"]
[Date "2017.04.08"]
[Round "1"]
[White "Fichtner, Karl Heinz"]
[Black "Ott, Ian"]
[Result "1/2-1/2"]
[WhiteElo "1603"]
[BlackElo "1830"]
[PlyCount "172"]
[EventDate "2017.04.08"]
[EventType "swiss"]
[EventRounds "8"]
[EventCountry "GER"]
[SourceTitle "EXT 2020"]
[Source "ChessBase"]
[SourceDate "2019.10.17"]
[SourceVersion "1"]
[SourceVersionDate "2019.10.17"]
[SourceQuality "1"]

1. d4 Nf6 2. c4 g6 3. Nf3 Bg7 4. Nc3 d5 5. Bf4 c6 6. e3 0-0 7. Bd3 dxc4 8. Bxc4 Bg4 9. h3 Bxf3 10. Qxf3 e6 11. 0-0 Nd5 12. Bxd5 exd5 13. a4 a5 14. Rab1 Na6 15. Rfc1 Qd7 16. b3 Rfe8 17. Na2 Bf8 18. Rd1 Qe6 19. Rd3 Nb4 20. Nxb4 Bxb4 21. Be5 Be7 22. Bc7 Bd6 23. Bb6 Bb4 24. Rc1 Qe4 25. Qd1 f5 26. Bc5 Re6 27. Bxb4 axb4 28. f3 Qh4 29. Qe1 Qxe1+ 30. Rxe1 Rae8 31. g3 g5 32. f4 gxf4 33. gxf4 Kf7 34. Kf2 Rh6 35. Rh1 Rg8 36. Rdd1 Rhg6 37. Rdg1 Ke6 38. Rxg6+ hxg6 39. Rg1 Kf6 40. h4 Rh8 41. Kg3 Ke6 42. Ra1 Kd6 43. a5 Ra8 44. Kf3 Rh8 45. Rg1 Rh6 46. Kg3 Kc7 47. Ra1 Rh8 48. Rg1 Re8 49. Kf3 Re6 50. Rg5 Rf6 51. h5 gxh5 52. Rxh5 Rf7 53. Rg5 b6 54. axb6+ Kxb6 55. Rg6 Kb5 56. Kf2 c5 57. Rd6 cxd4 58. Rxd5+ Kc6 59. Rxd4 Kc5 60. Ke2 Ra7 61. Rc4+ Kb5 62. Kd3 Ra3 63. Kd4 Rxb3 64. Rc5+ Kb6 65. Rxf5 Rc3 66. Rf8 Rc1 67. Kd3 Kc7 68. Kd2 Rc6 69. Rf7+ Kb6 70. Rg7 b3 71. Rg1 Kb5 72. Rc1 Re6 73. Re1 Kc4 74. Rc1+ Kb4 75. Re1 Rd6+ 76. Kc1 Rc6+ 77. Kb1 Rc2 78. f5 Rf2 79. e4 Ka3 80. e5 Rxf5 81. e6 Rf8 82. e7 Re8 83. Re6 Kb4 84. Rb6+ Kc4 85. Re6 Kd5 86. Re1 Kd6 1/2-1/2

[Event "Nittenau-ch op 15th"]
[Site "Nittenau"]
[Date "2015.09.20"]
[Round "4"]
[White "Stoeckl, Maximilian"]
[Black "Ott, Ian"]
[Result "0-1"]
[WhiteElo "1248"]
[BlackElo "1818"]
[PlyCount "80"]
[EventDate "2015.09.18"]
[EventType "swiss"]
[EventRounds "5"]
[EventCountry "GER"]
[SourceTitle "EXT 2017"]
[Source "ChessBase"]
[SourceDate "2016.10.25"]
[SourceVersion "1"]
[SourceVersionDate "2016.10.25"]
[SourceQuality "1"]

1. d4 Nf6 2. c4 g6 3. Nc3 Bg7 4. e4 d6 5. f3 0-0 6. Be3 e5 7. Bd3 exd4 8. Bxd4 Nc6 9. Nge2 Nxd4 10. Nxd4 Nh5 11. Nde2 Be5 12. g3 c6 13. Qd2 Bg7 14. 0-0 Qe7 15. Rad1 Be6 16. f4 Bg4 17. f5 Nf6 18. Qf4 Rad8 19. Kg2 Bxe2 20. Bxe2 Qe5 21. Qxe5 dxe5 22. g4 g5 23. h4 h6 24. hxg5 hxg5 25. Rh1 Rd4 26. Kf3 Rfd8 27. b3 Bf8 28. Rxd4 Rxd4 29. Rd1 Bb4 30. Rxd4 exd4 31. Nb1 Nd7 32. a3 Ne5+ 33. Kf2 Bd6 34. b4 b6 35. Nd2 d3 36. Bd1 a5 37. bxa5 Bc5+ 38. Ke1 bxa5 39. a4 Bb4 40. Bb3 Nf3+ 0-1

[Event "Nittenau-ch op 15th"]
[Site "Nittenau"]
[Date "2015.09.18"]
[Round "1"]
[White "Ott, Ian"]
[Black "Adlhoch, Walter"]
[Result "0-1"]
[WhiteElo "1818"]
[BlackElo "1537"]
[PlyCount "44"]
[EventDate "2015.09.18"]
[EventType "swiss"]
[EventRounds "5"]
[EventCountry "GER"]
[SourceTitle "EXT 2017"]
[Source "ChessBase"]
[SourceDate "2016.10.25"]
[SourceVersion "1"]
[SourceVersionDate "2016.10.25"]
[SourceQuality "1"]

1. d4 e6 2. e4 d5 3. Nc3 Nf6 4. exd5 exd5 5. Nf3 Bg4 6. Be2 Bb4 7. 0-0 Bxc3 8. bxc3 0-0 9. Bg5 Nbd7 10. Re1 c6 11. Ne5 Bxe2 12. Rxe2 Qa5 13. Bxf6 Nxf6 14. Qd3 Rfe8 15. c4 dxc4 16. Qxc4 Qd5 17. Rae1 Rxe5 18. Qxd5 Rxd5 19. c3 Kf8 20. Re7 Rd7 21. R7e3 Rad8 22. f3 Nd5 0-1

[Event "Regionalliga NO 1415"]
[Site "Bayern"]
[Date "2015.04.12"]
[Round "9.7"]
[White "Ott, Ian"]
[Black "Hein, Manfred"]
[Result "1/2-1/2"]
[WhiteElo "1791"]
[BlackElo "1818"]
[PlyCount "101"]
[EventDate "2014.10.19"]
[EventType "team-tourn"]
[EventRounds "9"]
[EventCountry "GER"]
[SourceTitle "EXT 2018"]
[Source "ChessBase"]
[SourceDate "2017.10.13"]
[SourceVersion "1"]
[SourceVersionDate "2017.10.13"]
[SourceQuality "1"]
[WhiteTeam "Regensburg Bavaria"]
[BlackTeam "Gunzenhausen"]
[WhiteTeamCountry "GER"]
[BlackTeamCountry "GER"]

1. d4 d5 2. c4 c6 3. cxd5 cxd5 4. Nc3 Nc6 5. e3 Nf6 6. Bd2 e6 7. Nf3 Be7 8. a3 0-0 9. Rc1 Ne4 10. Nxe4 dxe4 11. Ne5 Nxe5 12. dxe5 Bd7 13. Be2 Rc8 14. 0-0 Rxc1 15. Qxc1 Qb8 16. Bc3 Rc8 17. Qd2 Bc6 18. Rc1 Bd5 19. Bd4 b6 20. Rc3 Bb7 21. Qc1 Rxc3 22. Qxc3 Kf8 23. a4 Qc8 24. Qxc8+ Bxc8 25. Bb5 Bb7 26. Kf1 Bb4 27. Ke2 Ke7 28. Kd1 Bd5 29. Kc2 Be1 30. Bc3 Bxf2 31. Bd4 Be1 32. Bc3 Bxc3 33. Kxc3 f6 34. Kd4 Bb7 35. b4 f5 36. a5 g5 37. g3 Bd5 38. axb6 axb6 39. Ba4 h6 40. Bb5 Bb3 41. Be2 Bd5 42. Bb5 Ba2 43. Ba4 Kf7 44. Bb5 Bb3 45. Bc6 h5 46. Bb5 Bd5 47. Ba4 Kg6 48. Be8+ Kh6 49. h4 Bb3 50. Bf7 Bd5 51. Be8 1/2-1/2

[Event "Augsburg Afro op-A 18th"]
[Site "Augsburg"]
[Date "2011.08.06"]
[Round "5"]
[White "Ott, Ian"]
[Black "Endisch, Peter"]
[Result "1-0"]
[WhiteElo "1824"]
[BlackElo "1993"]
[PlyCount "47"]
[EventDate "2011.08.04"]
[EventType "swiss"]
[EventRounds "7"]
[EventCountry "GER"]
[SourceTitle "EXT 2015"]
[Source "ChessBase"]
[SourceDate "2014.11.20"]
[SourceVersion "1"]
[SourceVersionDate "2014.11.20"]
[SourceQuality "1"]

1. e4 e6 2. d3 d5 3. Nd2 Nf6 4. Ngf3 Be7 5. g3 0-0 6. Bg2 c5 7. 0-0 Nc6 8. Re1 Qc7 9. c3 Rd8 10. Qe2 b6 11. e5 Nd7 12. Nf1 Ba6 13. Bf4 Nf8 14. h4 Rac8 15. N1h2 b5 16. h5 d4 17. Ng4 Qa5 18. Bd2 Qb6 19. Ng5 dxc3 20. Qf3 cxd2 21. Qxf7+ Kh8 22. h6 dxe1Q+ 23. Rxe1 gxh6 24. Nxh6 1-0

[Event "Augsburg Afro op-A 18th"]
[Site "Augsburg"]
[Date "2011.08.05"]
[Round "4"]
[White "Staib, Christian"]
[Black "Ott, Ian"]
[Result "1/2-1/2"]
[WhiteElo "1888"]
[BlackElo "1824"]
[PlyCount "49"]
[EventDate "2011.08.04"]
[EventType "swiss"]
[EventRounds "7"]
[EventCountry "GER"]
[SourceTitle "EXT 2015"]
[Source "ChessBase"]
[SourceDate "2014.11.20"]
[SourceVersion "1"]
[SourceVersionDate "2014.11.20"]
[SourceQuality "1"]

1. e4 c5 2. d4 cxd4 3. c3 dxc3 4. Nxc3 d6 5. Bc4 Nc6 6. Nf3 e6 7. 0-0 Nf6 8. Qe2 a6 9. Rd1 Bd7 10. Bf4 Qc7 11. Rac1 Be7 12. e5 dxe5 13. Nxe5 Nxe5 14. Bxe5 Qa5 15. Bb3 Bb5 16. Nxb5 Qxb5 17. Qxb5+ axb5 18. Rc7 b6 19. Rb7 Bd8 20. Bd6 h5 21. Re1 Nd7 22. Bxe6 fxe6 23. Rxe6+ Kf7 24. Re1 Kg6 25. Rxd7 1/2-1/2